000 00218nam a2200121Ia 4500
100 _a#N/A
650 _aComputer/ IT
942 _cBK
654 _abackup
245 _aBack up 4
260 _b#N/A
546 _aENGLISH
999 _c32101
_d32101